Traité de géométrie descriptive / (Record no. 156709)

MARC details
000 -LEADER
campo de control de longitud fija 01137nam a22002295i 4500
001 - NÚMERO DE CONTROL
campo de control 156709
003 - IDENTIFICADOR DE NÚMERO DE CONTROL
campo de control ES-MaACL
005 - FECHA Y HORA DE LA ÚLTIMA TRANSACCIÓN
campo de control 20230906210458.0
008 - DATOS DE LONGITUD FIJA--INFORMACIÓN GENERAL
campo de control de longitud fija 040804m18911901fr ad |||| | fre d
040 ## - FUENTE DE CATALOGACIÓN
Centro catalogador/agencia de origen CAM
Lengua de catalogación spa
Centro/agencia transcriptor CAM
080 ## - NÚMERO DE LA CLASIFICACIÓN DECIMAL UNIVERSAL
Número de la Clasificación Decimal Universal 515(022)
100 1# - ENTRADA PRINCIPAL--NOMBRE DE PERSONA
Nombre de persona La Gournerie, Jules de.
9 (RLIN) 128513
245 10 - MENCIÓN DEL TÍTULO
Título Traité de géométrie descriptive /
Mención de responsabilidad, etc. par Jules de La Gournerie.
250 ## - MENCION DE EDICION
Mención de edición 3e éd. rev. et augm. de la Théorie de l'intersection de deux polyédres par Ernest Lebon.
260 ## - PUBLICACIÓN, DISTRIBUCIÓN, ETC.
Lugar de publicación, distribución, etc. Paris :
Nombre del editor, distribuidor, etc. Gauthier-Villars et Fils, imprimeurs-libraires,
Fecha de publicación, distribución, etc. 1891-1901.
300 ## - DESCRIPCIÓN FÍSICA
Extensión 6 v. :
Otras características físicas lám. ;
Dimensiones 29 cm.
500 ## - NOTA GENERAL
Nota general La obra está compuesta por 3 partes de texto y otras 3 de atlas, correspondientes a cada parte del texto.
597 ## - NOTA DE DESCRIPCIÓN FÍSICA
NOTA DE DESCRIPCIÓN FÍSICA Primera parte : texto, 1891 (XXI, 157 p.) -- Tercera parte : texto, 1901 (XX, 230 p.) -- Primera parte : atlas, 1891 (LV h. lám.) -- Tercera parte : atlas, 1901 (XLVI h. lám.)
650 #4 - PUNTO DE ACCESO ADICIONAL DE MATERIA--TÉRMINO DE MATERIA
Término de materia o nombre geográfico como elemento de entrada Geometría descriptiva.
9 (RLIN) 136182
700 1# - ENTRADA AGREGADA--NOMBRE PERSONAL
Nombre de persona Lebon, Ernest.
9 (RLIN) 128807
852 ## - LOCALIZACIÓN
Ubicación ES-MaACL
Número de control de estantería F-1960-61
Nota libre -- Enc. pasta española
condición física -- Falta la segunda parte de texto y atlas
Nota libre -- Enc. 6 t. en 2 v.
Holdings
Estatus retirado Estado de pérdida Estado de daño No para préstamo Colección Biblioteca de origen Biblioteca actual Ubicación en estantería Fecha de adquisición Total de préstamos Signatura topográfica completa Código de barras Visto por última vez Precio de reemplazo Tipo de ítem Koha
        Libros del s. XIX Biblioteca del Ateneo de Madrid Biblioteca del Ateneo de Madrid Depósito 2 17/01/2008   F-1960-61 1163953 23/02/2023 23/02/2023 Libro impreso antiguo